Future trends in information science and technology : (Record no. 13375)

000 -LEADER
fixed length control field 00582nam a2200145 a 4500
020 ## - INTERNATIONAL STANDARD BOOK NUMBER
ISBN 0947568204
040 ## - CATALOGING SOURCE
Transcribing agency Uk
082 04 - DEWEY DECIMAL CLASSIFICATION NUMBER
Classification number 699 TAY 1988 A044 Or.
245 10 - TITLE STATEMENT
Title Future trends in information science and technology :
Remainder of title proceedings of the Silver Jubilee Conference of the City University's Department of Information Science, the City University, London, 16 January 1987 /
260 ## - PUBLICATION, DISTRIBUTION, ETC. (IMPRINT)
Place of publication London, U.K. ;
-- Los Angeles, CA, USA :
Name of publisher Taylor Graham,
Year of publication c1988.
300 ## - PHYSICAL DESCRIPTION
Number of Pages 123 p. :
Other physical details ill. ;
Dimensions 23 cm.
650 #0 - SUBJECT ADDED ENTRY--TOPICAL TERM
Topical Term Information technology
700 2# - ADDED ENTRY--PERSONAL NAME
Personal name Yates-Mercer, Penelope A.
942 ## - ADDED ENTRY ELEMENTS (KOHA)
Koha item type សៀវភៅភាសាអង់គ្លេស
952 ## - LOCATION AND ITEM INFORMATION (KOHA)
Withdrawn status [LOCAL, KOHA] 0
Holdings
Permanent Location Date acquired Koha item type Lost status Shelving location Barcode Current Location Full call number
Library Block A2017-08-25សៀវភៅភាសាអង់គ្លេស A044A20040Library Block A699 TAY 1988 A044 Or.
មជ្ឈមណ្ឌលឯការនៃសាកលវិទ្យាល័យភូមិន្ទកសិកម្មចំការដូង

Powered by Koha